| 000 -LEADER |
| fixed length control field |
01434cam a2200265 a 4500 |
| 003 - CONTROL NUMBER IDENTIFIER |
| control field |
OSt |
| 005 - DATE AND TIME OF LATEST TRANSACTION |
| control field |
20231117152913.0 |
| 008 - FIXED-LENGTH DATA ELEMENTS--GENERAL INFORMATION |
| fixed length control field |
080815s2008 ilua b 000 0 eng |
| 020 ## - INTERNATIONAL STANDARD BOOK NUMBER |
| International Standard Book Number |
9781930066885 |
| 040 ## - CATALOGING SOURCE |
| Original cataloging agency |
BMSCA |
| 041 ## - LANGUAGE CODE |
| Language code of text/sound track or separate title |
eng. |
| 082 00 - DEWEY DECIMAL CLASSIFICATION NUMBER |
| Classification number |
388.409 |
| Edition number |
22 |
| Item number |
DAR |
| 100 1# - MAIN ENTRY--PERSONAL NAME |
| Personal name |
Nordahl, Darrin. |
| 245 10 - TITLE STATEMENT |
| Title |
My kind of transit : |
| Remainder of title |
rethinking public transportation in America / |
| Statement of responsibility, etc |
Darrin Nordahl. |
| 250 ## - EDITION STATEMENT |
| Edition statement |
1st ed. |
| 260 ## - PUBLICATION, DISTRIBUTION, ETC. (IMPRINT) |
| Place of publication, distribution, etc |
Chicago : |
| Name of publisher, distributor, etc |
The Center for American Places at Columbia College in association with The Elizabeth Firestone Graham Foundation : |
| -- |
Distributed by the University of Chicago Press, |
| Date of publication, distribution, etc |
2008. |
| 300 ## - PHYSICAL DESCRIPTION |
| Extent |
xv, 175 p. : |
| Other physical details |
col. ill. ; |
| Dimensions |
24 cm. |
| 490 0# - SERIES STATEMENT |
| Series statement |
My kind of transit ; |
| Volume number/sequential designation |
v. 30 |
| 504 ## - BIBLIOGRAPHY, ETC. NOTE |
| Bibliography, etc |
Includes bibliographical references (p. 165-168). |
| 505 0# - FORMATTED CONTENTS NOTE |
| Formatted contents note |
Introduction the positive transit experience -- Disneyland : the fundamentals of an enjoyable ride -- Cable cars in San Francisco -- Streetcars in New Orleans and San Francisco -- Monorails in Seattle and Las Vegas -- Shuttles in Santa Barbara, Phoenix, and Chattanooga -- Taxicabs in New York City -- Funiculars in Pittsburgh -- Aerials and elevateds in New York City and Chicago -- Conclusion creating positive transit experiences. |
| 650 #0 - SUBJECT ADDED ENTRY--TOPICAL TERM |
| Topical term or geographic name as entry element |
Local transit |
| Geographic subdivision |
United States |
| Form subdivision |
Case studies. |
| 650 #0 - SUBJECT ADDED ENTRY--TOPICAL TERM |
| Topical term or geographic name as entry element |
Urban transportation |
| Geographic subdivision |
United States |
| Form subdivision |
Case studies. |
| 650 #0 - SUBJECT ADDED ENTRY--TOPICAL TERM |
| Topical term or geographic name as entry element |
Local transit |
| Geographic subdivision |
United States |
| General subdivision |
Social aspects. |
| 942 ## - ADDED ENTRY ELEMENTS (KOHA) |
| Source of classification or shelving scheme |
|